<?xml version="1.0" encoding="UTF-8"?>
<collection xmlns="http://www.loc.gov/MARC21/slim">
<record>
  <controlfield tag="001">168339</controlfield>
  <controlfield tag="005">20260204153543.0</controlfield>
  <datafield tag="024" ind1="7" ind2=" ">
    <subfield code="2">doi</subfield>
    <subfield code="a">10.5209/infe.92103</subfield>
  </datafield>
  <datafield tag="024" ind1="8" ind2=" ">
    <subfield code="2">sideral</subfield>
    <subfield code="a">147857</subfield>
  </datafield>
  <datafield tag="037" ind1=" " ind2=" ">
    <subfield code="a">ART-2026-147857</subfield>
  </datafield>
  <datafield tag="041" ind1=" " ind2=" ">
    <subfield code="a">spa</subfield>
  </datafield>
  <datafield tag="100" ind1=" " ind2=" ">
    <subfield code="a">Torrebadella Flix, Xavier</subfield>
  </datafield>
  <datafield tag="245" ind1=" " ind2=" ">
    <subfield code="a">El korfbal y el proceso de feminización de los deportes en España</subfield>
  </datafield>
  <datafield tag="260" ind1=" " ind2=" ">
    <subfield code="c">2026</subfield>
  </datafield>
  <datafield tag="520" ind1="3" ind2=" ">
    <subfield code="a">Durante el primer tercio del siglo XX, y en el contexto de la institucionalización de la educación física en la España, se articularon prácticas y juegos en torno al deporte escolar. La preferencia pedagógica hacia los juegos corporales posibilitó la incorporación de algunos juegos deportivos extranjeros que fueron asimilados para favorecer la educación física de las jóvenes. El objetivo de este artículo es el de recuperar las primeras noticias de los juegos deportivos que hemos llamado “de balón y canasta” y, en especial, del korfbal, que se dio a conocer durante la II República. Asimismo, se pretende visibilizar a las personas que más incidieron en esta cuestión. Sobre una metodología que se apoya en la heurística de la prensa histórica, la cronología de noticias comentadas ofrece un análisis en el ámbito pedagógico y social de la educación física y el deporte. Se concluye que los juegos deportivos como el basket-ball, net-ball, cestobal, korfball o gingar-ball configuraron un elenco de prácticas subyacentes de no violencia, susceptibles de favorecer la educación física de las jóvenes españolas acorde con el estereotipo de mujer deseada por la cultura dominante y, por consiguiente, constituyendo un proceso deportivo de feminización</subfield>
  </datafield>
  <datafield tag="506" ind1="0" ind2=" ">
    <subfield code="a">Access copy available to the general public</subfield>
    <subfield code="f">Unrestricted</subfield>
  </datafield>
  <datafield tag="540" ind1=" " ind2=" ">
    <subfield code="9">info:eu-repo/semantics/openAccess</subfield>
    <subfield code="a">by</subfield>
    <subfield code="u">https://creativecommons.org/licenses/by/4.0/deed.es</subfield>
  </datafield>
  <datafield tag="655" ind1=" " ind2="4">
    <subfield code="a">info:eu-repo/semantics/article</subfield>
    <subfield code="v">info:eu-repo/semantics/publishedVersion</subfield>
  </datafield>
  <datafield tag="700" ind1=" " ind2=" ">
    <subfield code="a">Mauri Medrano, Marta</subfield>
    <subfield code="u">Universidad de Zaragoza</subfield>
    <subfield code="0">(orcid)0000-0003-3411-4930</subfield>
  </datafield>
  <datafield tag="710" ind1="2" ind2=" ">
    <subfield code="1">4001</subfield>
    <subfield code="2">215</subfield>
    <subfield code="a">Universidad de Zaragoza</subfield>
    <subfield code="b">Dpto. Ciencias de la Educación</subfield>
    <subfield code="c">Área Didáctica y Organiz. Esc.</subfield>
  </datafield>
  <datafield tag="773" ind1=" " ind2=" ">
    <subfield code="g">16, 1 (2026), 135-154</subfield>
    <subfield code="p">Investig. fem.</subfield>
    <subfield code="t">Investigaciones Feministas</subfield>
    <subfield code="x">2171-6080</subfield>
  </datafield>
  <datafield tag="856" ind1="4" ind2=" ">
    <subfield code="s">5303104</subfield>
    <subfield code="u">http://zaguan.unizar.es/record/168339/files/texto_completo.pdf</subfield>
    <subfield code="y">Versión publicada</subfield>
  </datafield>
  <datafield tag="856" ind1="4" ind2=" ">
    <subfield code="s">2599553</subfield>
    <subfield code="u">http://zaguan.unizar.es/record/168339/files/texto_completo.jpg?subformat=icon</subfield>
    <subfield code="x">icon</subfield>
    <subfield code="y">Versión publicada</subfield>
  </datafield>
  <datafield tag="909" ind1="C" ind2="O">
    <subfield code="o">oai:zaguan.unizar.es:168339</subfield>
    <subfield code="p">articulos</subfield>
    <subfield code="p">driver</subfield>
  </datafield>
  <datafield tag="951" ind1=" " ind2=" ">
    <subfield code="a">2026-02-04-13:14:05</subfield>
  </datafield>
  <datafield tag="980" ind1=" " ind2=" ">
    <subfield code="a">ARTICLE</subfield>
  </datafield>
</record>
</collection>